| 000 | 00699nam a22001935i 4500 | ||
|---|---|---|---|
| 001 | 54514 | ||
| 003 | ES-MaACL | ||
| 005 | 20230906162952.0 | ||
| 007 | t| | ||
| 008 | 960703s1888 gr ||||1| gre d | ||
| 040 |
_aCAM _bspa _cCAM |
||
| 100 | 1 |
_aFrabasilis, Antonio. _952049 |
|
| 245 | 1 | 0 |
_aGramática española _b: método breve y práctico para aprender rapidamente el idioma español / _cpor Antonio Frabasilis ; editor Anestis Constantinides. |
| 260 |
_aAtenas : _bestablecimientos tipográficos Anesti Constantinides, _c1888. |
||
| 300 |
_a[8], 160 p. ; _c25 cm. |
||
| 500 | _aPortada paralela en griego. | ||
| 650 | 4 |
_aLengua española- _vMétodos. _9142902 |
|
| 852 |
_aES-MaACL _jT-860-F-7 |
||
| 999 |
_c54514 _d54514 |
||